Sanat: "Frida" - Behm - Statistics

Yleistilastot
  • Tätä visaa on pelattu 309 kertaa
  • Keskiarvotulos 145 / 191
Vastaustilastot
Vastaus % Oikein
Frida
99%
98%
96%
maalauksen
94%
sen
94%
et
93%
voi
93%
pitää
92%
voit
91%
mua
90%
Kahlon
90%
mua
90%
mut
90%
en
87%
tuu
84%
sun
83%
Ja
82%
milloinkaan
82%
koristaa
81%
seinää
80%
saa
79%
joku
74%
sua
74%
seuraa
72%
sokeana
72%
toinen
72%
nyt
71%
kun
68%
on
68%
Välillä
62%
välillä
62%
ikävä
60%
niin
58%
hetkiä
57%
Niitä
57%
lähellä
54%
melkein
51%
oltiin
51%
vähän
51%
kuin
49%
sitä
49%
ne
47%
pistettä
46%
käsistä
45%
karkasivat
43%
tanssii
43%
hetket
42%
särkyä
42%
taas
42%
kädestä
40%
ehjänä
39%
enää
38%
pidäkään
38%
ilman
37%
virheitä
37%
askeleet
35%
eksyä
35%
meinaan
35%
vaan
35%
varmemmat
32%
kulkea
30%
valaista
30%
pimeätä
28%
ovista
26%
jonka
25%
kai
25%
muistinko
25%
talosta
24%
varjot
24%
Ehtoja vastaavia visoja ei löytynyt
Tulosjakauma
Jokaisen tuloksen saaneiden osuus
Persentiili vastausten määrän mukaan
Tuloshistoriasi
Et ole pelannut tätä visaa